Doctrinas modernas iusfilosoficas
Guardat en:
| Autor principal: | |
|---|---|
| Format: | Llibre |
| Idioma: | espanyol |
| Publicat: |
Madrid
Tecnos
1996
|
| Col·lecció: | Biblioteca Universitaria de Editorial Tecnos
|
| Matèries: | |
| Etiquetes: |
Afegir etiqueta
Sense etiquetes, Sigues el primer a etiquetar aquest registre!
|
MARC
| LEADER | 00000nam a2200000 a 4500 | ||
|---|---|---|---|
| 001 | UCU9127 | ||
| 003 | CL-VaPUC | ||
| 008 | 960809e19960000SP |||||||||||||||||spa|d | ||
| 082 | 0 | 4 | |a 340.1 |b MAC |2 21 |
| 100 | |a Maciá Manso, Ramón |e autor |9 368181 | ||
| 245 | 1 | 0 | |a Doctrinas modernas iusfilosoficas |
| 300 | |a 283 p | ||
| 942 | |c BK | ||
| 945 | |d 19960809 00:00:00 |a rbrito | ||
| 260 | |a Madrid |b Tecnos |c 1996 | ||
| 650 | 0 | |a Filosofía del derecho |9 255050 | |
| 650 | 0 | |a Ética |9 255099 | |
| 650 | 0 | |a Justicia |9 255408 | |
| 650 | 0 | |a Teoría jurídica |9 345880 | |
| 650 | 7 | |a DERECHO |2 CL-VaPUC |9 368182 | |
| 650 | 0 | |a Jurisdicción |9 255090 | |
| 650 | 0 | |a Ideologías |9 255200 | |
| 583 | |a last modification |c 19960809 00:00:00 |k Rodrigo Vera | ||
| 490 | 0 | |a Biblioteca Universitaria de Editorial Tecnos | |
| 999 | |c 251008 |d 251006 | ||
| 952 | |0 0 |1 0 |4 0 |6 340_100000000000000_MAC_1996 |7 0 |8 DER_TF |9 269896 |a BIBDER |b BIBDER |d 2019-11-19 |i 3218783 |o 340.1 MAC 1996 |p 3218783 |r 2023-01-25 |w 2019-11-19 |x Ubicación 4to Piso |y BK |z Estos recursos deben solicitarse con anticipación |k DER | ||